000 00825nam a2200253Ia 4500
003 OSt
005 20221006145133.0
006 a|||||r|||| 00| 0
007 ta
008 221006b |||||||| |||| 00| 0 eng d
020 _c
_3.00
024 _a13,894
037 _cTextual
040 _aEASL
_cEASL
_beng
041 _2eng
_aeng
082 _aV41:1973.N5, K6
100 _aUnited States, Eighty Ninth Congress
_9653579
245 0 _aHearings before the committee on foreign relations United States senate eighty ninth congress second session on U.S. policy with respect to Mainland China
260 _aWashington
_bU.S. Government
_c1966
300 _a657p.
_ccm.
490 _v CEL
942 _hV41:1973.N5, K6
_cTEXL
_2CC
999 _c1081980
_d1081980